Score 0/18 Timer 03:00
1 Play Today
Movie Missing Word % Correct
Homeward _____ II: Lost in San FranciscoBound
94.4%
Basic ________Instinct
93.8%
The _______ PlannerWedding
92.8%
The Maltese ______Falcon
92.6%
The Princess _______Diaries
90.4%
Mrs. _________Doubtfire
90.1%
Escape from ________Alcatraz
84.6%
A View to a ____Kill
84%
Big Trouble in Little _____China
83.7%
Movie Missing Word % Correct
Dirty _____Harry
83.3%
The _______ of HappynessPursuit
82.1%
The ________ InfernoTowering
75.9%
_______ 48 Hrs.Another
73.5%
X-Men: The Last _____Stand
62.5%
Star Trek IV: The ______ HomeVoyage
61.9%
____ JasmineBlue
59.4%
After the Thin ___Man
47.9%
The ___ of AdalineAge
28.3%

Today's Daily Dose

You're not logged in!

Compare scores with friends on all Sporcle quizzes.
OR
Log In

Sporcle TV

Today on Sporcle TV


Watch our educational content, quiz creation guides, and fun videos on Sporcle TV.

Show Comments

Extras

Top Quizzes Today


Score Distribution

Paid Content

Your Account Isn't Verified!

In order to create a playlist on Sporcle, you need to verify the email address you used during registration. Go to your Sporcle Settings to finish the process.

Report this User

Report this user for behavior that violates our Community Guidelines.

Details: